| 000 | 01265nam a2200349 c 4500 | ||
|---|---|---|---|
| 999 |
_c342568 _d342568 |
||
| 003 | BLK | ||
| 005 | 20241107145758.0 | ||
| 008 | 180911b bul|||||r ||||||| ||bul|| | ||
| 010 | _a002217 | ||
| 040 | _aBLK | ||
| 041 |
_aBUL _cBUL |
||
| 080 | _z886.7-32 | ||
| 100 | 1 |
_aСАВОВ, Ботьо _eпърви автор _9396912 |
|
| 245 | 0 | 0 | _aБабек |
| 246 |
_aПовест _pепос-разкази |
||
| 260 |
_aСофия _bкооп. печ. Гутенберг _c1935 |
||
| 300 |
_a71 с _c19 см |
||
| 380 | _a82 | ||
| 490 | _aБиблиотека Българска писатели | ||
| 490 |
_aЧастна колекция - Академик Михаил Арнаудов _gДарение - Основен фонд |
||
| 500 | _aАвтограф с текст: На човека проф. Михаил Арнаудов с хубави чувства 16. IХ. 1948 г. София Б П Савов; | ||
| 650 |
_aПроза _9167961 |
||
| 653 | _aепос | ||
| 653 | _aразкази | ||
| 655 |
_aбългарска литература _9396199 |
||
| 700 |
_aБотьо Савов _9398767 |
||
| 852 |
_aМА 2215 _bМА |
||
| 942 |
_cKNG _n0 _s1 |
||
| 944 |
_aCR _c1997 _k30560 _lГеновева Генчева |
||
| 999 | _d342568 | ||
| 999 | _d342568 | ||